Patronage, power, and poverty in Southern Italy : a tale of two cities

Αποθηκεύτηκε σε:
Λεπτομέρειες βιβλιογραφικής εγγραφής
Κύριος συγγραφέας: Chubb, Judith, 1947-
Μορφή: Βιβλίο
Γλώσσα:English
Δημοσίευση: Cambridge : Cambridge University Press, c2009
Θέματα:
Ετικέτες: Προσθήκη ετικέτας
Δεν υπάρχουν, Καταχωρήστε ετικέτα πρώτοι!

MARC

LEADER 00000cam a2200000 i 4500
001 1/29334
008 130513r19822009 eng d
020 |a 978-0-521-12679-3 
035 |l 10114358 
040 |a GR-MY-UA  |b gre  |e aacr 
041 0 |a eng 
082 0 |a 306.209457  |2 (22) 
100 1 |a Chubb, Judith,   |d 1947- 
245 1 0 |a Patronage, power, and poverty in Southern Italy :  |b a tale of two cities /  |c Judith Chubb 
260 |a Cambridge :   |b Cambridge University Press,   |c c2009 
300 |a 292 σ.;  |c 25 εκ. 
650 0 0 |a Patronage, Political  |z Italy, Southern  |x Case studies. 
651 0 |a Palermo (Sicily)  |x Economic conditions  |x Case studies. 
651 0 |a Palermo (Sicily)  |x Politics and government. 
651 0 |a Naples (Italy)  |x Economic conditions. 
651 0 |a Naples (Italy)  |x Politics and government  |y 1945- 
651 0 |a Italy, Southern  |x Social conditions  |y 1945- 
852 |a INST  |b LESVOS  |e 20130513  |h 306.209457 CHU  |p 005100052510  |q 005100052510  |t BK  |y 0 
901 |a BIBL1-2012-3 
909 |a Λ  |b 177664 
970 |a ΤΖΑΦΕΡΗ  |b ΕΥΑΓΓΕΛΙΑ  |z 2013/05/13